[Event "Ontario ch"]
[Site "Toronto CAN"]
[Date "1997.11.09"]
[Round "7"]
[White "Zugic, Igor"]
[Black "Nickoloff, Bryon"]
[Result "1/2-1/2"]
[WhiteElo "2347"]
[BlackElo "2498"]
[PlyCount "62"]
[GameId "2160767911932004"]
[EventDate "1997.09.28"]
[EventType "tourn"]
[EventRounds "9"]
[EventCountry "CAN"]

1. d4 Nf6 2. c4 e6 3. Nf3 d5 4. Nc3 Bb4 5. Qa4+ Nc6 6. e3 O-O 7. a3 Bxc3+ 8. bxc3 Bd7 9. Qc2 Na5 10. cxd5 exd5 11. Bd3 c5 12. dxc5 Qc7 13. a4 Rfe8 14. Ba3 Nc4 15. Bxc4 dxc4 16. Nd4 Qe5 17. O-O Ng4 18. Nf3 Qh5 19. h3 Nf6 20. Nd4 Re5 21. Qe2 Qxe2 22. Nxe2 Bxa4 23. Rfb1 Bc6 24. Bb4 Rg5 25. g3 Ne4 26. Nd4 Bd5 27. h4 Re5 28. Rd1 a6 29. Ra5 Ree8 30. Nf5 Bc6 31. Nd6 Nxd6 1/2-1/2

[Event "Ontario ch"]
[Site "Toronto CAN"]
[Date "1997.??.??"]
[Round "8"]
[White "Jung, Hans"]
[Black "Dougherty, Michael"]
[Result "1-0"]
[WhiteElo "2240"]
[BlackElo "2265"]
[PlyCount "49"]
[GameId "2160767911932005"]
[EventDate "1997.09.28"]
[EventType "tourn"]
[EventRounds "9"]
[EventCountry "CAN"]
[SourceTitle "EXT 1999"]
[Source "ChessBase"]
[SourceDate "1998.11.10"]
[SourceVersion "1"]
[SourceVersionDate "1998.11.10"]
[SourceQuality "1"]

1. e4 c5 2. d4 cxd4 3. c3 d5 4. Qxd4 dxe4 5. Qxe4 Nc6 6. Bb5 Bd7 7. Nf3 Nf6 8. Qh4 e6 9. O-O a6 10. Ba4 Be7 11. Rd1 Qa5 12. Bc2 e5 13. Nbd2 Ng4 14. Qg3 f5 15. Nc4 Qc7 16. Rxd7 Qxd7 17. Nb6 Qd8 18. Nxa8 Bc5 19. Be3 Bxe3 20. fxe3 O-O 21. Nh4 Nh6 22. Rd1 Qxa8 23. Rd7 Nf7 24. Nxf5 g6 25. Bb3 1-0

[Event "Ontario ch"]
[Site "Toronto CAN"]
[Date "1997.11.16"]
[Round "8"]
[White "Nickoloff, Bryon"]
[Black "Day, Lawrence"]
[Result "1/2-1/2"]
[WhiteElo "2498"]
[BlackElo "2461"]
[PlyCount "20"]
[GameId "2160767911932008"]
[EventDate "1997.09.28"]
[EventType "tourn"]
[EventRounds "9"]
[EventCountry "CAN"]

1. d4 Nf6 2. c4 e6 3. Nf3 Bb4+ 4. Bd2 Qe7 5. g3 O-O 6. Bg2 d5 7. Qc2 Bxd2+ 8. Nbxd2 c6 9. O-O Nbd7 10. Rfe1 Rd8 1/2-1/2

[Event "Ontario ch"]
[Site "Toronto CAN"]
[Date "1997.11.16"]
[Round "8"]
[White "Zugic, Igor"]
[Black "Teodoro, Eduardo"]
[Result "1/2-1/2"]
[WhiteElo "2347"]
[BlackElo "2435"]
[PlyCount "24"]
[GameId "2160767911932009"]
[EventDate "1997.09.28"]
[EventType "tourn"]
[EventRounds "9"]
[EventCountry "CAN"]

1. d4 d5 2. c4 e6 3. Nc3 Nf6 4. Bg5 Be7 5. e3 O-O 6. Nf3 c6 7. Rc1 Nbd7 8. Bd3 Re8 9. O-O Nf8 10. Ne5 dxc4 11. Bxc4 Ng6 12. Nxg6 hxg6 1/2-1/2

[Event "Ontario ch"]
[Site "Toronto CAN"]
[Date "1997.??.??"]
[Round "9"]
[White "Day, Lawrence"]
[Black "Jung, Hans"]
[Result "1-0"]
[WhiteElo "2400"]
[BlackElo "2240"]
[PlyCount "101"]
[GameId "2160767911932010"]
[EventDate "1997.09.28"]
[EventType "tourn"]
[EventRounds "9"]
[EventCountry "CAN"]
[SourceTitle "EXT 1999"]
[Source "ChessBase"]
[SourceDate "1998.11.10"]
[SourceVersion "1"]
[SourceVersionDate "1998.11.10"]
[SourceQuality "1"]

1. d4 Nf6 2. Nc3 e6 3. e4 Bb4 4. e5 Nd5 5. Bd2 Nxc3 6. bxc3 Be7 7. Qg4 Kf8 8. Bd3 c5 9. Ne2 d6 10. Ng3 dxe5 11. dxe5 Qd5 12. f4 Nc6 13. Be4 Qc4 14. Qf3 Qa6 15. Kf2 Na5 16. Rhd1 Nc4 17. Be1 Rb8 18. a4 Nb2 19. Rdb1 Nxa4 20. Bc6 b5 21. c4 b4 22. Rxa4 Qxc4 23. Qe4 Qxe4 24. Bxe4 a6 25. Bd3 Rb6 26. Rba1 g6 27. Bxa6 Bd7 28. R4a2 Kg7 29. Bc4 Rhb8 30. Ra7 R6b7 31. Ne4 Bc6 32. Ke3 Bd5 33. Rxb7 Rxb7 34. Bxd5 exd5 35. Nd2 f6 36. Nb3 fxe5 37. fxe5 Kf7 38. Ra6 Rc7 39. Bg3 Rc8 40. Kf4 c4 41. e6+ Kg7 42. Ra7 Rf8+ 43. Ke5 Rf5+ 44. Kd4 cxb3 45. Rxe7+ Kf8 46. Rb7 bxc2 47. Bd6+ Kg8 48. e7 Kf7 49. Rb8 c1=Q 50. e8=Q+ Kg7 51. Bf8+ 1-0

[Event "Ontario ch"]
[Site "Toronto CAN"]
[Date "1997.11.23"]
[Round "9"]
[White "Dougherty, Michael"]
[Black "Kiviaho, Robert"]
[Result "1-0"]
[WhiteElo "2313"]
[BlackElo "2330"]
[PlyCount "117"]
[GameId "2160767911932011"]
[EventDate "1997.09.28"]
[EventType "tourn"]
[EventRounds "9"]
[EventCountry "CAN"]

1. d4 Nf6 2. Nf3 g6 3. c4 Bg7 4. Nc3 O-O 5. e4 d6 6. Be2 e5 7. d5 Nbd7 8. Bg5 h6 9. Bh4 g5 10. Bg3 Nh5 11. O-O Nf4 12. Nd2 Bf6 13. b4 Kg7 14. Re1 Rh8 15. Bf1 h5 16. f3 Nf8 17. c5 dxc5 18. bxc5 Be7 19. Bf2 b6 20. Nc4 Bxc5 21. Bxc5 bxc5 22. Nxe5 Qf6 23. Nxf7 Qxf7 24. e5 N8g6 25. e6 Qf6 26. Nb5 c6 27. Nc7 Rb8 28. dxc6 Nxe6 29. Qd6 Qd4+ 30. Qxd4+ Nxd4 31. Rac1 Nxc6 32. Rxc5 Nce7 33. Rxg5 Kh6 34. Ra5 Rb7 35. Nb5 Bd7 36. Nd6 Rc7 37. Nf7+ Kg7 38. Nxh8 Kxh8 39. Rxh5+ Kg7 40. Ra5 Nc6 41. Rc5 Rb7 42. Bb5 Nd4 43. Bxd7 Rxd7 44. Re4 Kf6 45. Kf2 Nf5 46. Rc6+ Kf7 47. g4 Nd4 48. Ra6 Ne7 49. Ra5 Ng6 50. Kg3 Ne6 51. h4 Ne7 52. Rae5 Rd6 53. h5 Nd5 54. g5 Nc3 55. Rb4 Nxa2 56. Rb7+ Kg8 57. h6 Nf8 58. Rg7+ Kh8 59. Re8 1-0

[Event "Ontario ch"]
[Site "Toronto CAN"]
[Date "1997.11.23"]
[Round "9"]
[White "Ochkoos, Jura"]
[Black "Zugic, Igor"]
[Result "0-1"]
[WhiteElo "2426"]
[BlackElo "2347"]
[PlyCount "58"]
[GameId "2160767911932012"]
[EventDate "1997.09.28"]
[EventType "tourn"]
[EventRounds "9"]
[EventCountry "CAN"]

1. d4 Nf6 2. c4 g6 3. Nf3 Bg7 4. Nc3 d5 5. Bf4 O-O 6. cxd5 Nxd5 7. Nxd5 Qxd5 8. Bxc7 Nc6 9. e3 Bf5 10. Qa4 Qd7 11. Bg3 Nxd4 12. Qxd7 Nxf3+ 13. gxf3 Bxd7 14. O-O-O Ba4 15. b3 Rfc8+ 16. Kb1 Bc6 17. Be2 e6 18. Rd2 a5 19. a4 Bd5 20. Ka2 Rc3 21. Rb1 Rac8 22. Bd1 f5 23. Bd6 Rd8 24. e4 fxe4 25. fxe4 Bxe4 26. Rbb2 Rc1 27. Bg4 Kf7 28. f3 Bxb2 29. fxe4 Bc3 0-1

[Event "Ontario ch"]
[Site "Toronto CAN"]
[Date "1997.11.23"]
[Round "9"]
[White "Teodoro, Eduardo"]
[Black "Nickoloff, Bryon"]
[Result "1/2-1/2"]
[WhiteElo "2435"]
[BlackElo "2498"]
[PlyCount "22"]
[GameId "2160767911932013"]
[EventDate "1997.09.28"]
[EventType "tourn"]
[EventRounds "9"]
[EventCountry "CAN"]

1. e4 c5 2. Nf3 d6 3. d4 cxd4 4. Nxd4 Nf6 5. Nc3 a6 6. a4 Nc6 7. Be2 e6 8. O-O Be7 9. Kh1 O-O 10. Be3 Qc7 11. f4 Re8 1/2-1/2

[Event "Ontario ch"]
[Site "Toronto CAN"]
[Date "1997.11.23"]
[Round "9"]
[White "Teodoro, Roderick"]
[Black "McTavish, David"]
[Result "1/2-1/2"]
[WhiteElo "2269"]
[BlackElo "2200"]
[PlyCount "106"]
[GameId "2160767911932014"]
[EventDate "1997.09.28"]
[EventType "tourn"]
[EventRounds "9"]
[EventCountry "CAN"]

1. e4 c5 2. Nf3 d6 3. d4 cxd4 4. Nxd4 Nf6 5. Nc3 a6 6. Be3 Ng4 7. Bg5 h6 8. Bh4 g5 9. Bg3 Bg7 10. Be2 h5 11. h3 h4 12. hxg4 hxg3 13. Rxh8+ Bxh8 14. f3 Qb6 15. Nd5 Qxd4 16. Qxd4 Bxd4 17. O-O-O Nc6 18. Nc7+ Kd7 19. Nxa8 b5 20. Rxd4 Nxd4 21. Nb6+ Kd8 22. Bf1 Bb7 23. Nd5 Ne6 24. Ne3 Ng7 25. Bd3 Kd7 26. Nf1 Ke6 27. Nxg3 Ke5 28. Kd2 e6 29. Ne2 d5 30. exd5 Bxd5 31. Ke3 f5 32. gxf5 exf5 33. g3 Bc4 34. Bxc4 bxc4 35. f4+ gxf4+ 36. gxf4+ Kd5 37. Ng3 a5 38. b3 Kc5 39. c3 cxb3 40. axb3 Kd5 41. Ne2 Nh5 42. Nd4 Ng3 43. Kd3 Nh5 44. Ne2 Kc5 45. Ke3 Kd5 46. Nc1 Ng3 47. c4+ Kc5 48. Nd3+ Kd6 49. Kd4 Ne2+ 50. Ke3 Ng3 51. Nc1 Kc5 52. Kd3 Ne4 53. Ke3 Ng3 1/2-1/2

[Event "Ontario op"]
[Site "Renfrew CAN"]
[Date "1997.10.11"]
[Round "1"]
[White "Smith, Maurice"]
[Black "Pacey, Kevin"]
[Result "0-1"]
[WhiteElo "1871"]
[BlackElo "2306"]
[PlyCount "88"]
[GameId "2160767911931915"]
[EventDate "1997.10.11"]
[EventType "swiss"]
[EventRounds "6"]
[EventCountry "CAN"]

1. d4 Nf6 2. c4 e6 3. Nf3 d5 4. Nc3 Be7 5. Bg5 O-O 6. e3 Nbd7 7. Bd3 dxc4 8. Bxc4 c5 9. O-O cxd4 10. Nxd4 Ne5 11. Be2 Ng6 12. Bxf6 Bxf6 13. Ne4 Bxd4 14. Qxd4 Qxd4 15. exd4 Bd7 16. Rac1 Bc6 17. f3 Nf4 18. Rfe1 Rfd8 19. Rcd1 e5 20. Bf1 exd4 21. Nc5 Rac8 22. Nd3 Nd5 23. Ne5 Ne3 24. Rd2 Nxf1 25. Rxf1 f6 26. Nxc6 bxc6 27. b4 Rb8 28. a3 a5 29. Rc1 axb4 30. axb4 Rxb4 31. Rxc6 Rd7 32. Rc1 Kf7 33. Rcd1 Ke6 34. Kf2 Kd5 35. Rc1 Rb3 36. Rcd1 Kc4 37. Rc1+ Rc3 38. Rcd1 d3 39. Ke3 Re7+ 40. Kf2 Rc2 41. Kf1 Rxd2 42. Rxd2 Kc3 43. Ra2 d2 44. Ra1 Kb2 0-1

[Event "Ontario op"]
[Site "Renfrew CAN"]
[Date "1997.10.11"]
[Round "2"]
[White "Pacey, Kevin"]
[Black "Naish, Scott"]
[Result "1-0"]
[WhiteElo "2306"]
[BlackElo "1653"]
[PlyCount "81"]
[GameId "2160767911931916"]
[EventDate "1997.10.11"]
[EventType "swiss"]
[EventRounds "6"]
[EventCountry "CAN"]

1. e4 e5 2. Nf3 d6 3. Bc4 h6 4. d4 c6 5. dxe5 Bg4 6. O-O Be7 7. Nc3 Na6 8. h3 Bh5 9. Bf4 dxe5 10. Qxd8+ Rxd8 11. Nxe5 Nf6 12. Nxc6 bxc6 13. Bxa6 O-O 14. Be3 Rfe8 15. Bb7 c5 16. Bc6 Rf8 17. f4 Ne8 18. Nd5 Bh4 19. g4 Bg6 20. f5 Bh7 21. Bxc5 Nf6 22. Ne7+ Kh8 23. e5 Ng8 24. Nd5 Rc8 25. Bxf8 Rxf8 26. Rf3 Ne7 27. Rc3 g6 28. Nxe7 Bxe7 29. f6 Bb4 30. Rc4 Ba5 31. Rd1 g5 32. Kf1 Bc7 33. Rd5 Rb8 34. Bd7 Bb6 35. a4 a5 36. Rb5 Bg6 37. Bf5 Bxf5 38. gxf5 Kh7 39. Rc6 Ba7 40. Rxb8 Bxb8 41. e6 1-0

[Event "Ontario op"]
[Site "Renfrew CAN"]
[Date "1997.10.12"]
[Round "3"]
[White "Schleifer, Michael"]
[Black "Pacey, Kevin"]
[Result "1-0"]
[WhiteElo "2426"]
[BlackElo "2306"]
[PlyCount "87"]
[GameId "2160767911931917"]
[EventDate "1997.10.11"]
[EventType "swiss"]
[EventRounds "6"]
[EventCountry "CAN"]

1. d4 Nc6 2. e4 e5 3. d5 Nce7 4. g3 Ng6 5. Be3 Nf6 6. f3 Be7 7. Qd2 d6 8. c4 c5 9. Nc3 h6 10. O-O-O a6 11. Kb1 Rb8 12. f4 Ng4 13. Nf3 Nxe3 14. Qxe3 Bf6 15. f5 Nf8 16. g4 Bg5 17. Qf2 Bf4 18. Ne2 g5 19. h4 Rg8 20. Nxf4 gxf4 21. g5 b5 22. Rg1 bxc4 23. Bxc4 Rb4 24. Qc2 Bd7 25. Rg2 Bb5 26. Bxb5+ axb5 27. Rdg1 Ra4 28. b3 Ra8 29. g6 f6 30. Nh2 Rg7 31. Ng4 h5 32. Nh6 Qb6 33. Nf7 Rxf7 34. gxf7+ Ke7 35. Qf2 Qa6 36. Qb2 Qb6 37. Rc1 Qa7 38. Qe2 Rb8 39. Qxh5 c4 40. Qf3 cxb3 41. Qxb3 b4 42. Rgc2 Qd4 43. Rc7+ Nd7 44. Qc4 1-0

[Event "Ontario op"]
[Site "Renfrew CAN"]
[Date "1997.10.12"]
[Round "4"]
[White "Pacey, Kevin"]
[Black "Laurin, Marcel"]
[Result "1-0"]
[WhiteElo "2306"]
[BlackElo "1974"]
[PlyCount "51"]
[GameId "2160767911931918"]
[EventDate "1997.10.11"]
[EventType "swiss"]
[EventRounds "6"]
[EventCountry "CAN"]

1. e4 c5 2. Nf3 Nc6 3. d4 cxd4 4. Nxd4 e5 5. Nb5 d6 6. c4 a6 7. N5c3 Be6 8. Bd3 Be7 9. O-O Nf6 10. Nd5 O-O 11. Nbc3 Ne8 12. Nxe7+ Qxe7 13. Be3 Qd7 14. Nd5 Bxd5 15. exd5 Ne7 16. f4 f5 17. Qb3 Nf6 18. h3 Kh8 19. fxe5 dxe5 20. d6 Qxd6 21. Bxf5 Qc6 22. Rad1 Rad8 23. Bb1 Ne4 24. Rxd8 Rxd8 25. Qc2 g6 26. Qxe4 1-0

[Event "Ontario op"]
[Site "Renfrew CAN"]
[Date "1997.10.13"]
[Round "5"]
[White "Pacey, Kevin"]
[Black "Cote, Jacques"]
[Result "1-0"]
[WhiteElo "2306"]
[BlackElo "2250"]
[PlyCount "77"]
[GameId "2160767911931919"]
[EventDate "1997.10.11"]
[EventType "swiss"]
[EventRounds "6"]
[EventCountry "CAN"]

1. e4 e5 2. Nf3 Nc6 3. Bc4 Bc5 4. b4 Bxb4 5. c3 Bd6 6. d4 Qe7 7. O-O Nf6 8. Bg5 h6 9. Bh4 g5 10. Bg3 Nxe4 11. Nxe5 Bxe5 12. Bxe5 Nxe5 13. dxe5 c6 14. Nd2 Nxd2 15. Qxd2 b5 16. Bb3 Bb7 17. a4 a5 18. Rfd1 h5 19. Qe3 b4 20. cxb4 axb4 21. Rd6 Ra5 22. Re1 Kf8 23. Bxf7 Rxe5 24. Qxe5 Qxe5 25. Rxe5 Kxf7 26. Rxd7+ Kf6 27. Re4 Bc8 28. Rd6+ Kf5 29. Rxb4 Re8 30. Rb1 Re4 31. Rxc6 Bd7 32. Rc5+ Kf4 33. a5 Ra4 34. h3 h4 35. Kh2 g4 36. hxg4 Kxg4 37. a6 Bf5 38. Rb6 Bd3 39. Rf6 1-0

[Event "Ontario op"]
[Site "Renfrew CAN"]
[Date "1997.10.13"]
[Round "6"]
[White "Dougherty, Michael"]
[Black "Pacey, Kevin"]
[Result "1/2-1/2"]
[WhiteElo "2312"]
[BlackElo "2306"]
[PlyCount "90"]
[GameId "2160767911931920"]
[EventDate "1997.10.11"]
[EventType "swiss"]
[EventRounds "6"]
[EventCountry "CAN"]

1. d4 Nc6 2. Nf3 d5 3. c4 Bg4 4. cxd5 Bxf3 5. gxf3 Qxd5 6. e3 e5 7. Nc3 Bb4 8. Bd2 Bxc3 9. bxc3 exd4 10. cxd4 Nge7 11. Rg1 O-O-O 12. Qb3 g6 13. Rb1 Qxb3 14. Rxb3 Rhe8 15. Bh3+ Kb8 16. Kf1 Rd5 17. a4 g5 18. Rb5 Rg8 19. f4 h6 20. fxg5 Rdxg5 21. Rg3 a6 22. Rb1 f5 23. Bg2 Rd8 24. f4 Rgg8 25. Kf2 h5 26. Rg5 Rxg5 27. fxg5 h4 28. Bf3 b6 29. Rg1 Ne5 30. Be2 N5g6 31. Bxa6 f4 32. Bd3 c5 33. Bxg6 Nxg6 34. Bc3 Ka7 35. dxc5 bxc5 36. exf4 Nxf4 37. Kf3 Nh3 38. Rc1 Nxg5+ 39. Kg4 Ne4 40. Kxh4 Nxc3 41. Rxc3 Kb6 42. Rc4 Kc6 43. Kg5 Rg8+ 44. Kf5 Kd5 45. Rc2 c4 1/2-1/2

[Event "Ottawa op"]
[Site "Ottawa CAN"]
[Date "1997.09.27"]
[Round "1"]
[White "Cohen, David"]
[Black "Kirby, Patrick"]
[Result "0-1"]
[WhiteElo "1912"]
[BlackElo "2123"]
[PlyCount "106"]
[GameId "2160767911932017"]
[EventDate "1997.09.27"]
[EventType "swiss"]
[EventRounds "5"]
[EventCountry "CAN"]

1. d4 d5 2. c4 e6 3. Nc3 Be7 4. Nf3 Nf6 5. Bg5 h6 6. Bh4 O-O 7. e3 b6 8. Bd3 Bb7 9. O-O Nbd7 10. Rc1 dxc4 11. Bxc4 Ne4 12. Bg3 Nxg3 13. hxg3 c5 14. d5 exd5 15. Bxd5 Bxd5 16. Nxd5 Nf6 17. Nxe7+ Qxe7 18. Qe2 Rfd8 19. Qa6 Nd5 20. Rfd1 Qf6 21. Rd2 Nb4 22. Rxd8+ Rxd8 23. Qa3 g5 24. Qb3 g4 25. a3 Nc6 26. Nh2 h5 27. Qc2 Ne5 28. Re1 c4 29. Re2 b5 30. Rd2 Rxd2 31. Qxd2 Nd3 32. e4 Kh7 33. Kf1 Qxb2 34. Qxb2 Nxb2 35. Ke2 a5 36. Kd2 b4 37. axb4 axb4 38. f3 gxf3 39. gxf3 Kh6 40. f4 c3+ 41. Kc2 Nc4 42. Nf3 Ne3+ 43. Kc1 Nf1 44. Ne5 Kg7 45. Nd3 b3 46. e5 b2+ 47. Kc2 Nd2 48. Nxb2 cxb2 49. Kxb2 Kg6 50. Kc2 Ne4 51. Kd3 Nxg3 52. Ke3 Kf5 53. Kf3 h4 0-1

[Event "Ottawa op"]
[Site "Ottawa CAN"]
[Date "1997.09.27"]
[Round "1"]
[White "Pacey, Kevin"]
[Black "Fortin, Marc"]
[Result "1-0"]
[WhiteElo "2276"]
[BlackElo "2059"]
[PlyCount "117"]
[GameId "2160767911932018"]
[EventDate "1997.09.27"]
[EventType "swiss"]
[EventRounds "5"]
[EventCountry "CAN"]
[SourceTitle "EXT 2022"]
[Source "ChessBase"]
[SourceDate "2021.10.06"]
[SourceVersion "1"]
[SourceVersionDate "2021.10.06"]
[SourceQuality "1"]

1. d4 d5 2. Nc3 Bf5 3. Bg5 c6 4. e3 Nd7 5. Bd3 Bxd3 6. cxd3 Qb6 7. Nge2 e5 8. O-O Be7 9. Bxe7 Nxe7 10. Na4 Qc7 11. Qc2 O-O 12. Rfc1 f5 13. dxe5 Nxe5 14. Nf4 Rf6 15. Nc5 b6 16. d4 Ng4 17. Nce6 Rxe6 18. Nxe6 Qxh2+ 19. Kf1 Qh1+ 20. Ke2 Qxg2 21. Rf1 Nh2 22. Rg1 Qf3+ 23. Ke1 g6 24. Ng5 Qh5 25. Qe2 Qxe2+ 26. Kxe2 Ng4 27. Rac1 h6 28. Ne6 Kf7 29. Nf4 g5 30. Nd3 Ke6 31. Rh1 Rh8 32. b4 Kd6 33. f3 Nf6 34. Ne5 Rh7 35. Rxh6 Rxh6 36. Nf7+ Ke6 37. Nxh6 Nh5 38. b5 cxb5 39. Rc7 a5 40. Rb7 Nc8 41. Nf7 b4 42. Nxg5+ Kf6 43. Nh7+ Ke6 44. Nf8+ Kd6 45. Rh7 Nf6 46. Rf7 Nh5 47. Kd3 Ne7 48. Rh7 Nf6 49. Rh6 Neg8 50. Rh8 Ne7 51. Rh6 Neg8 52. Rg6 a4 53. Nh7 Ke6 54. Nxf6 Nxf6 55. Rg1 Kd6 56. Rb1 Kc6 57. Rxb4 b5 58. Rb1 Kb6 59. Rg1 1-0

[Event "Ottawa op"]
[Site "Ottawa CAN"]
[Date "1997.09.27"]
[Round "2"]
[White "Nagy, Julius"]
[Black "Cohen, David"]
[Result "0-1"]
[WhiteElo "1869"]
[BlackElo "1912"]
[PlyCount "60"]
[GameId "2160767911932023"]
[EventDate "1997.09.27"]
[EventType "swiss"]
[EventRounds "5"]
[EventCountry "CAN"]

1. e4 e5 2. Nf3 Nc6 3. Bc4 Nf6 4. d3 d5 5. exd5 Nxd5 6. O-O Bg4 7. c3 Qd7 8. Re1 f6 9. Nbd2 O-O-O 10. Ne4 h5 11. h3 Be6 12. Be3 Be7 13. Bc5 g5 14. Bxe7 Qxe7 15. d4 g4 16. Nh4 Rhg8 17. Nc5 gxh3 18. Nxe6 Qxe6 19. g3 Rg4 20. Qf3 Nce7 21. Kh2 e4 22. Qe2 Rdg8 23. Rg1 Qd6 24. Kxh3 Nf4+ 25. gxf4 Rxg1 26. Bxg8 Rxa1 27. Qxh5 Nxg8 28. Qe8+ Qd8 29. Qxe4 Qd7+ 30. Kg2 Qg4+ 0-1

[Event "Ottawa op"]
[Site "Ottawa CAN"]
[Date "1997.09.27"]
[Round "2"]
[White "Pacey, Kevin"]
[Black "Schleifer, Michael"]
[Result "1/2-1/2"]
[WhiteElo "2276"]
[BlackElo "2426"]
[PlyCount "85"]
[GameId "2160767911932024"]
[EventDate "1997.09.27"]
[EventType "swiss"]
[EventRounds "5"]
[EventCountry "CAN"]
[SourceTitle "EXT 2022"]
[Source "ChessBase"]
[SourceDate "2021.10.06"]
[SourceVersion "1"]
[SourceVersionDate "2021.10.06"]
[SourceQuality "1"]

1. d4 Nf6 2. Nc3 d5 3. Bg5 Nbd7 4. e3 e6 5. Nf3 Be7 6. Bd3 c5 7. O-O O-O 8. Ne5 c4 9. Be2 Nxe5 10. dxe5 Nd7 11. Bxe7 Qxe7 12. Qd4 Nb8 13. f4 Nc6 14. Qd2 Qc5 15. Rad1 b5 16. Bf3 b4 17. Ne2 Ba6 18. c3 bxc3 19. Qxc3 Rab8 20. Kh1 Qb4 21. e4 d4 22. Nxd4 Nxd4 23. Qxd4 Qxb2 24. Qxa7 Ra8 25. Rf2 Rxa7 26. Rxb2 c3 27. Rc2 Rc7 28. Rdc1 Rfc8 29. Be2 Bb7 30. Bd3 g5 31. fxg5 Rc5 32. Kg1 Rxe5 33. Rxc3 Rxc3 34. Rxc3 Bxe4 35. a4 Bd5 36. h4 Re1+ 37. Kh2 Ra1 38. Bc2 Kg7 39. Rg3 Ra2 40. Bd1 Ra1 41. Bc2 Ra2 42. Bd1 Ra1 43. Bc2 1/2-1/2

[Event "Ottawa op"]
[Site "Ottawa CAN"]
[Date "1997.09.27"]
[Round "3"]
[White "Gould, Charles"]
[Black "Cohen, David"]
[Result "1/2-1/2"]
[WhiteElo "2038"]
[BlackElo "1912"]
[PlyCount "77"]
[GameId "2160767911932026"]
[EventDate "1997.09.27"]
[EventType "swiss"]
[EventRounds "5"]
[EventCountry "CAN"]

1. e4 e6 2. d4 d5 3. e5 c5 4. c3 Nc6 5. Nf3 Qb6 6. a3 Bd7 7. b4 cxd4 8. cxd4 Rc8 9. Be2 Nge7 10. O-O Nf5 11. Be3 Nb8 12. g4 Ne7 13. Nh4 Ng6 14. Ng2 Be7 15. f4 Bb5 16. f5 Nf8 17. Bxb5+ Qxb5 18. Qf3 Kd7 19. Nd2 Rc3 20. a4 Qd3 21. Rae1 Nc6 22. fxe6+ fxe6 23. Qf7 Qg6 24. b5 Nd8 25. Qf3 Qc2 26. Nf4 Ng6 27. Nb1 Rb3 28. Rc1 Qe4 29. Qxe4 dxe4 30. Nxg6 hxg6 31. Bf4 Rh4 32. Rc3 Rxg4+ 33. Bg3 Rb4 34. Kg2 Rxa4 35. Kh3 Rg5 36. Rfc1 Rh5+ 37. Kg4 Rg5+ 38. Kh3 Rh5+ 39. Kg4 1/2-1/2

[Event "Ottawa op"]
[Site "Ottawa CAN"]
[Date "1997.09.28"]
[Round "3"]
[White "Teuton, Frank"]
[Black "Schleifer, Michael"]
[Result "0-1"]
[WhiteElo "2225"]
[BlackElo "2418"]
[PlyCount "116"]
[GameId "2160767911932028"]
[EventDate "1997.09.27"]
[EventType "swiss"]
[EventRounds "5"]
[EventCountry "CAN"]

1. d4 Nf6 2. Nc3 d5 3. Bg5 Nbd7 4. e3 e6 5. Nf3 Bb4 6. Bd3 c5 7. O-O c4 8. Be2 Bxc3 9. bxc3 Qa5 10. Qb1 Qxc3 11. a4 Qa5 12. Qb5 Qxb5 13. axb5 Ne4 14. Bf4 Nc3 15. Rfe1 Nxb5 16. Bf1 Nc3 17. Nd2 Nf6 18. f3 Bd7 19. Bd6 Bc6 20. e4 dxe4 21. Nxc4 exf3 22. gxf3 Nd7 23. Bb4 Nb5 24. Ra5 Nxd4 25. Nd6+ Kd8 26. Nxf7+ Kc7 27. Bd6+ Kb6 28. Ra3 a6 29. Rb1+ Ka7 30. Ne5 Rac8 31. Rxb7+ Bxb7 32. Nxd7 Nxf3+ 33. Kf2 Nd2 34. Be5 Rhf8+ 35. Ke2 Nf3 36. Nxf8 Nxe5 37. Nxe6 Rxc2+ 38. Kd1 Rf2 39. Ke1 Rxh2 40. Nxg7 Nf3+ 41. Kd1 h5 42. Nf5 Rd2+ 43. Kc1 Rf2 44. Bc4 Ne5 45. Be6 Be4 46. Nd4 Nf3 47. Nf5 Rc2+ 48. Kd1 Rc6 49. Bd7 Rf6 50. Ng3 Bb7 51. Rd3 Ne5 52. Rd4 h4 53. Nh5 Bf3+ 54. Kc1 Rh6 55. Be8 h3 56. Rh4 Bg2 57. Kc2 Rh8 58. Ba4 Nf3 0-1

[Event "Ottawa op"]
[Site "Ottawa CAN"]
[Date "1997.09.28"]
[Round "4"]
[White "Cohen, David"]
[Black "Pagayatan, Noel"]
[Result "1/2-1/2"]
[WhiteElo "1912"]
[BlackElo "2047"]
[PlyCount "72"]
[GameId "2160767911932029"]
[EventDate "1997.09.27"]
[EventType "swiss"]
[EventRounds "5"]
[EventCountry "CAN"]

1. d4 d5 2. c4 e6 3. Nc3 Nf6 4. Bg5 Be7 5. Nf3 O-O 6. e3 Nbd7 7. Rc1 c6 8. Bd3 dxc4 9. Bxc4 Nd5 10. Bxe7 Qxe7 11. O-O Nxc3 12. Rxc3 e5 13. Qc2 e4 14. Nd2 Nf6 15. Rc1 Bg4 16. b4 Rac8 17. a4 h6 18. b5 cxb5 19. axb5 Rfd8 20. h3 Bf5 21. Qa2 b6 22. Nb1 Kf8 23. Nd2 Rc7 24. Be2 Rdc8 25. Rc6 Be6 26. Qc2 Rxc6 27. bxc6 Bd5 28. Bb5 Rc7 29. Ra1 Qd6 30. Rc1 Ke7 31. Qa4 Nd7 32. Nc4 Bxc4 33. Qxc4 Nf6 34. Ba4 Qd5 35. Qb4+ Qd6 36. Qc4 Qd5 1/2-1/2

[Event "Ottawa op"]
[Site "Ottawa CAN"]
[Date "1997.09.28"]
[Round "4"]
[White "Simic, Dusan"]
[Black "Pacey, Kevin"]
[Result "1/2-1/2"]
[WhiteElo "2228"]
[BlackElo "2276"]
[PlyCount "102"]
[GameId "2160767911932031"]
[EventDate "1997.09.27"]
[EventType "swiss"]
[EventRounds "5"]
[EventCountry "CAN"]
[SourceTitle "EXT 2022"]
[Source "ChessBase"]
[SourceDate "2021.10.06"]
[SourceVersion "1"]
[SourceVersionDate "2021.10.06"]
[SourceQuality "1"]

1. c4 Nc6 2. Nc3 e5 3. g3 g6 4. Bg2 Bg7 5. e3 d6 6. Nge2 Nge7 7. d4 exd4 8. exd4 O-O 9. Be3 Nf5 10. O-O Nxe3 11. fxe3 Bg4 12. h3 Bxe2 13. Qxe2 Rb8 14. Rae1 Ne7 15. h4 c5 16. Rd1 Qb6 17. dxc5 dxc5 18. Ne4 Rbd8 19. b3 Nf5 20. Bh3 Nd6 21. Ng5 h6 22. Nf3 Ne4 23. Qg2 Qc7 24. Rd5 Nc3 25. Rxd8 Rxd8 26. h5 Qe7 27. hxg6 fxg6 28. Kh2 Ne4 29. Kg1 Kh7 30. Re1 Rd3 31. Nh4 Qg5 32. Qxe4 Qxg3+ 33. Ng2 Rd2 34. Rf1 Qxh3 35. Qxb7 Qg3 36. Rf7 Rd1+ 37. Rf1 Rxf1+ 38. Kxf1 h5 39. Qe7 Qe5 40. Qxe5 Bxe5 41. Ne1 g5 42. Nd3 Bd6 43. e4 Kg6 44. b4 cxb4 45. c5 Bb8 46. Nxb4 a5 47. Na6 Bf4 48. c6 Kf6 49. c7 Bxc7 50. Nxc7 Ke5 51. Nd5 Kxe4 1/2-1/2

[Event "Ottawa op"]
[Site "Ottawa CAN"]
[Date "1997.09.28"]
[Round "5"]
[White "Bowie-Reed, Eric"]
[Black "Cote, Jacques"]
[Result "1-0"]
[WhiteElo "2146"]
[BlackElo "2109"]
[PlyCount "52"]
[GameId "2160767911932033"]
[EventDate "1997.09.27"]
[EventType "swiss"]
[EventRounds "5"]
[EventCountry "CAN"]
[SourceTitle "CFC 1998.02"]

1. Nf3 f5 2. c4 Nf6 3. Nc3 e6 4. d3 d5 5. cxd5 exd5 6. Bg5 c6 7. e4 d4 8. e5 dxc3 9. exf6 gxf6 10. Qe2+ Kf7 11. Be3 Bb4 12. Kd1 Re8 13. d4 Be6 14. bxc3 Bxc3 15. Rc1 Bb4 16. Qb2 Qe7 17. Rb1 a5 18. Bd3 b5 19. h4 Na6 20. Qc2 Qd7 21. Ng5+ fxg5 22. hxg5 Kg8 23. g4 Qd5 24. Rxh7 Kxh7 25. gxf5 Qf3+ 26. Be2 Qh1+ 1-0